Normal view
MARC view
- Kastam dan Eksais Diraja Malaysia.
Entry Corporate Name
001 - CONTROL NUMBER
- control field: 8703
003 - CONTROL NUMBER IDENTIFIER
- control field: OSt
005 - DATE AND TIME OF LATEST TRANSACTION
- control field: 20170530144740.0
008 - FIXED-LENGTH DATA ELEMENTS
- fixed length control field: 170530|| aca||aabn | a|a d
040 ## - CATALOGING SOURCE
- Original cataloging agency: OSt
- Transcribing agency: OSt
110 ## - HEADING--CORPORATE NAME
- Corporate name or jurisdiction name as entry element: Kastam dan Eksais Diraja Malaysia.
- Subordinate unit: Bahagian Cukai Dalaman.
670 ## - SOURCE DATA FOUND
- Source citation: Work cat.: (OSt): Perancangan Strategik. Pengurusan Cukai Dalaman Menuju Tahun 2000. /, 2000.

PORTAL AKMAL
E-MEL JKDM
AKMAL2U
G-BAM
u-PUSTAKA